LEADER 01820oam 2200433 450 001 9910707849203321 005 20161216165415.0 035 $a(CKB)5470000002468067 035 $a(OCoLC)885281867 035 $a(EXLCZ)995470000002468067 100 $a20140805d1979 ua 0 101 0 $aeng 135 $aurbn||||||||| 181 $ctxt$2rdacontent 182 $cc$2rdamedia 183 $acr$2rdacarrier 200 10$aMount Belknap and Red Hills calderas and associated rocks, Marysvale volcanic field, west-central Utah $edescription of the rocks, eruptive history, and inferred subvolcanic environment associated with the formation of the Mount Belknap and Red Hills calderas /$fby C.G. Cunningham and T.A. Steven 210 1$a[Washington, D.C.] :$cUnited States Department of the Interior, Geological Survey,$d1979. 210 2$aWashington :$cUnited States Government Printing Office. 215 $a1 online resource (iii, 34 pages) $cillustrations, maps 225 1 $aGeological Survey bulletin ;$v1468 320 $aIncludes bibliographical references (pages 33-34). 517 $aMount Belknap and Red Hills calderas and associated rocks, Marysvale volcanic field, west-central Utah 606 $aCalderas$zUtah$zMarysvale 606 $aVolcanic ash, tuff, etc$zUtah$zMarysvale 615 0$aCalderas 615 0$aVolcanic ash, tuff, etc. 700 $aCunningham$b Charles G.$01386568 702 $aSteven$b Thomas A$g(Thomas August),$f1917-2013, 712 02$aGeological Survey (U.S.), 801 0$bCOP 801 1$bCOP 801 2$bOCLCO 801 2$bOCLCA 801 2$bGPO 906 $aBOOK 912 $a9910707849203321 996 $aMount Belknap and Red Hills calderas and associated rocks, Marysvale volcanic field, west-central Utah$93549744 997 $aUNINA LEADER 01428nam0 22003251i 450 001 UON00070542 005 20231205102349.29 010 $a88-05-03971-3 100 $a20020107d1987 |0itac50 ba 101 $aita 102 $aIT 105 $a|||| ||||| 200 1 $aPer una nuova cooperazione in Africa$eL'impegno delle organizzazioni non governative francesi e italiane$fH. Rouille d'Orfeuil, G.C. Costadoni 205 $aTorino : SEI$bc.1987 210 $axxi,281 p., c. geogr. ; 22 cm 215 $aTit. orig.: Cooperer autrement 316 $aFondo Triulzi 40%$5IT-UONSI AFRGEN/0725 410 1$1001UON00065540$12001 $aˆLa ‰nuova Africa$fA cura di Giuseppe Morosini 606 $aCOOPERAZIONE INTERNAZIONALE$xAfrica$3UONC020511$2FI 620 $aIT$dTorino$3UONL000014 676 $a337.406$cRELAZIONI ECONOMICHE DELL'EUROPA CON L'AFRICA$v21 700 1$aORFEUIL$bRouille Henri : d'$3UONV045041$0658092 701 1$aCostadoni$bGian Carlo$3UONV045042$0408719 712 $aSocietà Editrice Internazionale$3UONV246438$4650 801 $aIT$bSOL$c20250314$gRICA 899 $aSIBA - SISTEMA BIBLIOTECARIO DI ATENEO$2UONSI 912 $aUON00070542 950 $aSIBA - SISTEMA BIBLIOTECARIO DI ATENEO$dSI GEN 0725 $eSI AA 12196 5 0725 Fondo Triulzi 40% 996 $aPer una nuova cooperazione in Africa$91161503 997 $aUNIOR